Architecture : (Record no. 30288)
[ view plain ]
| 000 -LEADER | |
|---|---|
| fixed length control field | 01815cam a2200373 i 4500 |
| 001 - CONTROL NUMBER | |
| control field | 18159137 |
| 003 - CONTROL NUMBER IDENTIFIER | |
| control field | EG-ScBUE |
| 005 - DATE AND TIME OF LATEST TRANSACTION | |
| control field | 20230406112759.0 |
| 008 - FIXED-LENGTH DATA ELEMENTS--GENERAL INFORMATION | |
| fixed length control field | 140521t2015 njua f b 001 0 eng d |
| 020 ## - INTERNATIONAL STANDARD BOOK NUMBER | |
| International Standard Book Number | 9781118745083 (paperback) |
| 040 ## - CATALOGING SOURCE | |
| Original cataloging agency | DLC |
| Language of cataloging | eng |
| Description conventions | rda |
| Transcribing agency | DLC |
| Modifying agency | DLC |
| -- | EG-ScBUE |
| 082 04 - DEWEY DECIMAL CLASSIFICATION NUMBER | |
| Classification number | 720.1 |
| Edition number | 22 |
| Item number | CHI |
| 100 1# - MAIN ENTRY--PERSONAL NAME | |
| Personal name | Ching, Francis D. K., |
| Dates associated with a name | 1943- |
| Relator term | author. |
| 245 10 - TITLE STATEMENT | |
| Title | Architecture : |
| Remainder of title | form, space, & order / |
| Statement of responsibility, etc | Francis D.K. Ching. |
| 246 3# - VARYING FORM OF TITLE | |
| Title proper/short title | Architecture : |
| Remainder of title | form, space, and order |
| 250 ## - EDITION STATEMENT | |
| Edition statement | Fourth edition. |
| 264 #1 - PUBLICATION, DISTRIBUTION, ETC. (IMPRINT) | |
| Place of publication, distribution, etc | Hoboken, New Jersey : |
| Name of publisher, distributor, etc | Wiley, |
| Date of publication, distribution, etc | 2015. |
| 264 #4 - PUBLICATION, DISTRIBUTION, ETC. (IMPRINT) | |
| Date of publication, distribution, etc | c2015 |
| 300 ## - PHYSICAL DESCRIPTION | |
| Extent | xiv, 447 pages : |
| Other physical details | illustrations ; |
| Dimensions | 28 cm |
| 336 ## - CONTENT TYPE | |
| Content type term | text |
| Source | rdacontent |
| Content type code | txt |
| 337 ## - MEDIA TYPE | |
| Media type term | unmediated |
| Source | rdamedia |
| Media type code | n |
| 338 ## - CARRIER TYPE | |
| Carrier type term | volume |
| Source | rdacarrier |
| Carrier type code | nc |
| 504 ## - BIBLIOGRAPHY, ETC. NOTE | |
| Bibliography, etc | Includes bibliographical references and index. |
| 520 ## - SUMMARY, ETC. | |
| Summary, etc | "This is an introduction to the basic vocabulary of architectural design, updated with new information on emerging trends and recent developments. The book is a visual reference that helps both students and professionals understand the vocabulary of architectural design by examining how space and form are ordered in the environment"-- |
| Assigning source | Provided by publisher. |
| 650 #7 - SUBJECT ADDED ENTRY--TOPICAL TERM | |
| Topical term or geographic name as entry element | Architecture |
| General subdivision | Composition, proportion, etc. |
| Source of heading or term | BUEsh |
| 650 #7 - SUBJECT ADDED ENTRY--TOPICAL TERM | |
| Topical term or geographic name as entry element | Space (Architecture) |
| Source of heading or term | BUEsh |
| 653 ## - INDEX TERM--UNCONTROLLED | |
| Resource For college | Arts and Design |
| Arrived date list | April2023 |
| 655 ## - INDEX TERM--GENRE/FORM | |
| Form subdivision | Reading book |
| 776 08 - ADDITIONAL PHYSICAL FORM ENTRY | |
| Display text | Online version: |
| Main entry heading | Ching, Frank, 1943- |
| Title | Architecture |
| Edition | Fourth edition. |
| Place, publisher, and date of publication | Hoboken, New Jersey : Wiley, 2014 |
| International Standard Book Number | 9781118745199 |
| Record control number | (DLC) 2014021603 |
| 856 42 - ELECTRONIC LOCATION AND ACCESS | |
| Materials specified | Cover image |
| Uniform Resource Identifier | <a href="http://catalogimages.wiley.com/images/db/jimages/9781118745083.jpg">http://catalogimages.wiley.com/images/db/jimages/9781118745083.jpg</a> |
| 906 ## - LOCAL DATA ELEMENT F, LDF (RLIN) | |
| a | 7 |
| b | cbc |
| c | orignew |
| d | 1 |
| e | ecip |
| f | 20 |
| g | y-gencatlg |
| 942 ## - ADDED ENTRY ELEMENTS (KOHA) | |
| Source of classification or shelving scheme | Dewey Decimal Classification |
| Koha item type | Book - Borrowing |
| Withdrawn status | Lost status | Source of classification or shelving scheme | Damaged status | Not for loan | Collection code | Home library | Current library | Shelving location | Date acquired | Source of acquisition | Cost, normal purchase price | Serial Enumeration / chronology | Total Checkouts | Full call number | Barcode | Date last seen | Cost, replacement price | Price effective from | Koha item type |
|---|---|---|---|---|---|---|---|---|---|---|---|---|---|---|---|---|---|---|---|
| Dewey Decimal Classification | Baccah | Central Library | Central Library | Second Floor | 06/04/2023 | Purchase | 1833.00 | 37312 | 720.1 CHI | 000044938 | 15/07/2025 | 2291.25 | 06/04/2023 | Book - Borrowing |